00399nam a2200157Ia 4500008004100000040001900041041001200060082002000072100001900092245003500111260002800146300002200174650001300196651001400209850001800223131103s9999 xx 000 0 und d aLoreto College aEnglish a920/BRObLCLIB/ aDane, Clemence aBroomeme stagescClemence Dane aLondonbHeinemannc1931 aviii,703 c 24cm. aBroomeme aBiography aLCLIB/920/BRO